| 000 | 01506 a2200301 4500 | ||
|---|---|---|---|
| 999 |
_c200131175 _d21454 |
||
| 001 | 200131175 | ||
| 003 | TR-AnTOB | ||
| 005 | 20240119161041.0 | ||
| 008 | 140120r 2013tu 001 0 | ||
| 020 | _a9786054334629 | ||
| 040 |
_aTR-AnTOB _btur _erda _cTR-AnTOB |
||
| 041 | _atur | ||
| 050 |
_aHG1206.5 _b.Ö93 2013 |
||
| 090 |
_aHG1206.5 _b.Ö93 2013 |
||
| 100 | 1 |
_aÖzatay, Salih Fatih _962079 |
|
| 245 | 1 | 0 |
_aParasal iktisat : _bkuram ve politika / _cFatih Özatay. |
| 264 | _a©2013 | ||
| 264 |
_aAnkara : _bEfil , _c2013. |
||
| 300 |
_axxxi,650 sayfa ; _c24 cm. |
||
| 336 |
_atext _2rdacontent _btxt |
||
| 337 |
_aunmediated _2rdamedia _bn |
||
| 338 |
_avolume _2rdacarrier _bnc |
||
| 505 | _a1. Giriş -- 2. Para talebi -- 3. Para arzı -- 4. Faiz haddinin belirlenmesi -- 5.Döviz kurunun belirlenmesi -- 6.Ekonominin genel dengesi -- 7. Parasal aktarma kanalları -- 8.Enflasyonun nedenleri -- 9.Para politikasının amaçları -- 10. Merkez Bankası bağımsızlığı -- 11.Maliye politikası ile para politikası arasındaki iletişim -- 12. Para politikası rejimleri-1: Parasal kontrol ve döviz kuruna dayalı rejimler -- 13. Para politikası rejimleri-2: Enflasyon hedeflemesi -- 14.Para politikasının araçları -- 15.Kırılganlık baskınlığı -- 16.Finansal kriz kuramları -- 17. 2001 Türkiye ve 2007-(?) küresel krizleri | ||
| 650 | 0 |
_aMonetary policy _zTurkey _924834 |
|
| 650 | 0 |
_aPara politikası _zTürkiye _xEkonometrik modeller _917839 |
|
| 942 |
_2lcc _cBK |
||